Κατάλογος Βιβλιοθηκών Mediterranean College

Ολυμπία / Ιστορικά Μνημεία της Ελλάδας: Αρχαία Ελλάδα (Record no. 3038)

MARC details
000 -LEADER
fixed length control field 01212cam a22001934a 4500
005 - ΗΜΕΡΟΜΗΝΙΑ ΚΑΙ ΩΡΑ ΤΕΛΕΥΤΑΙΑΣ ΕΝΗΜΕΡΩΣΗΣ
Πεδίο ελέγχου 20250605164103.0
008 - FIXED-LENGTH DATA ELEMENTS--GENERAL INFORMATION
Πεδίο ελέγχου σταθερού μήκους 250528s ||||||||||||||||||||||||d
035 ## - SYSTEM CONTROL NUMBER
System control number 17636
020 ## - ISBN
ISBN 9789605610609
040 ## - ΠΗΓΗ ΚΑΤΑΛΟΓΟΓΡΑΦΗΣΗΣ
Φορέας πρωτότυπης καταλογογράφησης MC Athens Campus Library
Γλώσσα καταλογογράφησης Ελληνικά, Μοντέρνα (1453-)
Modifying agency MC Athens Campus Library
Κανόνες περιγραφικής καταλογογράφησης AACR2
245 1# - ΤΙΤΛΟΣ ΚΑΙ ΔΗΛΩΣΗ ΥΠΕΥΘΥΝΟΤΗΤΑΣ
Τίτλος Ολυμπία / Ιστορικά Μνημεία της Ελλάδας: Αρχαία Ελλάδα
260 ## - PUBLICATION, DISTRIBUTION, ETC.
Name of publisher, distributor, etc. Σελένα Εκδοτική Α. Ε,
Date of publication, distribution, etc. 2013
300 ## - PHYSICAL DESCRIPTION
Extent 72
520 ## - SUMMARY, ETC.
Summary, etc. Οι ρίζες της λατρείας και των αγώνων που τελούνταν στην Ολυμπία χάνονται στην αχλύ των μυθολογικών χρόνων. National Geographic. Εισαγωγικό Σημείωμα, Η Ιστορία της Ολυμπίας, Ο Αρχαιολογικός Χώρος, Οργάνωδη και Προετοιμασία και Διεξαγωγή των Αγώνων, Αγωνιστικοί Χώροι, Το Αρχαιολογικό Μουσείο, Τα Αθλήματα, Το Τέλος των Ολυμπιακών Αγώνων, Γλωσσάρι, Βιβλιογραφία.
700 1# - ΠΡΟΣΘΕΤΗ ΑΝΑΓΡΑΦΗ--ΦΥΣΙΚΟ ΠΡΟΣΩΠΟ
Personal name Κοπελιάδης Γιώργος
9 (RLIN) 3825
942 ## - ADDED ENTRY ELEMENTS (KOHA)
Koha item type Books
Holdings
Τύπος τεκμηρίου Βιβλιοθήκη Τρέχουσα τοποθεσία Barcode Αριθμός εισαγωγής Ημερομηνία απόκτησης Ταξιθετικό σύμβολο Αριθμός αντιτύπου Κατάσταση απόσυρσης Κατάσταση χαμένου Κατάσταση κατεστραμμένου Μη δανεισμός Σύνολο δανεισμών Ημερομηνία τελευταίας εμφάνισης Η τιμή ισχύει από
Books MC Athens Campus Library MC Athens Campus Library 9780000030375 5965 05/06/2025 949.501 KOP 1           05/06/2025 05/06/2025

MC Athens Campus Library
Πατησίων 94 & Κοδριγκτώνος 13, 104 34
Πελλήνης 8 & Πατησίων 107, 112 51
Τ: +30 210 8899600

MC Thessaloniki Campus Library
Ίωνος Δραγούμη 21, 54625 | Ίωνος Δραγούμη 15, 54625
Τ: +30 2310 287779 – Τ: +30 2314 440300